| Tag |
First Indicator |
Second Indicator |
Subfields |
| LEADER |
00000cam a22000001a 4500 |
| 001 |
in00003210121 |
| 005 |
20190404175008.0 |
| 006 |
m d f |
| 007 |
cr bn mmmapmmp |
| 008 |
090922s1976 dcu o f000 0 eng d |
| 035 |
|
|
|a cis2007441649
|
| 040 |
|
|
|a UMI
|c UMI
|d UtOrBLW
|
| 043 |
|
|
|a n-us---
|
| 086 |
0 |
|
|a Y 4.In 8/13:L 78
|
| 099 |
|
|
|a HRG-1976-IIA-0084
|
| 110 |
1 |
|
|a United States.
|b Congress.
|b Senate.
|b Committee on Interior and Insular Affairs.
|
| 245 |
1 |
0 |
|a Federal loans for the Virgin Islands :
|b hearing before the Committee on Interior and Insular Affairs, United States Senate, Ninety-fourth Congress, second session, on S. 3357 ... May 10, 1976.
|
| 264 |
|
1 |
|a Washington :
|b U.S. Govt. Print. Off,
|c 1976.
|
| 300 |
|
|
|a 1 online resource.
|
| 336 |
|
|
|a text
|b txt
|2 rdacontent
|
| 337 |
|
|
|a computer
|b c
|2 rdamedia
|
| 338 |
|
|
|a online resource
|b cr
|2 rdacarrier
|
| 538 |
|
|
|a System requirements: PDF reader software.
|
| 500 |
|
|
|a Electronic resource.
|
| 650 |
|
0 |
|a Loans
|x Law and legislation
|z United States Virgin Islands.
|
| 650 |
|
0 |
|a Finance, Public
|x Law and legislation
|z United States Virgin Islands.
|
| 655 |
|
7 |
|a Electronic books.
|2 local
|
| 710 |
2 |
|
|a ProQuest (Firm)
|
| 776 |
0 |
8 |
|i Print version:
|a United States. Congress. Senate. Committee on Interior and Insular Affairs.
|t Federal loans for the Virgin Islands
|w (DLC)76602661 //r82
|
| 776 |
0 |
8 |
|i Microfiche version:
|a United States. Congress. Senate. Committee on Interior and Insular Affairs.
|t Federal loans for the Virgin Islands.
|d [Bethesda, Md.] : ProQuest,[2004]
|o CIS 76 S441-68
|w (ProQuest)cis07603110
|
| 830 |
|
0 |
|a U.S. Congressional Hearings.
|
| 856 |
4 |
0 |
|u http://proxy.library.tamu.edu/login?url=http://congressional.proquest.com/congcomp/getdoc?HEARING-ID=HRG-1976-IIA-0084
|z Connect to the full text of this electronic book
|t 0
|
| 998 |
|
|
|a cis07603110
|
| 999 |
|
|
|a MARS
|
| 999 |
f |
f |
|s 9308bc00-1d18-32d4-ae30-0b8565184ede
|i d8e9d7d1-b3e6-39a9-b545-3886dcd23adc
|t 0
|
| 952 |
f |
f |
|a Texas A&M University
|b College Station
|c Electronic Resources
|d Available Online
|t 0
|e HRG-1976-IIA-0084
|h Other scheme
|
| 998 |
f |
f |
|a HRG-1976-IIA-0084
|t 0
|l Available Online
|